000 00749nam a22002417a 4500
005 20170124110223.0
010 _aA-805967
020 _c00.00
_a8170247853
035 _aA-805967
037 _bCen Lib/Ret
040 _aDPL
_bEN
082 _a344.046
_bTRI
100 _aTrivedi, Priya Ranjan
_940267
245 _aInternational environmental laws /
_cby Priya Ranjan Trivedi
246 _b
260 _bA. P. H. Publishing Corporation
_c1996
_aNew Delhi
270 _bNew Delhi
_a5, Ansari Road, Darya Ganj
_e110002
300 _avi,722p.
_c22cm(Hb)
500 _aIncludes index
650 _aInternational environment -- Law
_940268
650 _aInternational environment
_940269
942 _2ddc
_cEN
_h344.046
_mTRI
999 _c134270
_d134270